00312pab a2200109 454500008004000000100001900040245006300059260000900122300001200131650002600143773003300169180718b1984 xxu||||| |||| 00| 0 eng d aLong, Ngo Vinh aAgrarian differentiation in the Southern Region of Vietnam c1984 a283-305 aLand Tenure - Vietnam aJournal of Contemporary Asia